Bezpečnosť priemyselných robotov a zaistenie bezpečnosti a ochrany zdravia pri práci na robotickom pracovisku (2.)
V predchádzajúcom čísle časopisu sa článok venoval klasickým priemyselným robotom, ich bezpečnostným prvkom a legislatívnym požiadavkam na ne. Druhá časť sa zameriava na kolaboratívne mobilné roboty. Zaoberá sa bezpečnostnými prvkami u tohto druhu robota a režimami spolupráce medzi ním a človekom. P...
Saved in:
| Main Author: | |
|---|---|
| Format: | Book Chapter |
| Language: | Slovak |
| Subjects: | |
| Tags: |
No Tags, Be the first to tag this record!
|
MARC
| LEADER | 00000naa a2200000 4500 | ||
|---|---|---|---|
| 001 | 0315584 | ||
| 005 | 20260326090125.3 | ||
| 041 | 0 | |a slo | |
| 044 | |a SK | ||
| 245 | 1 | 0 | |a Bezpečnosť priemyselných robotov a zaistenie bezpečnosti a ochrany zdravia pri práci na robotickom pracovisku (2.) |c Pavol Farárik |
| 520 | |a V predchádzajúcom čísle časopisu sa článok venoval klasickým priemyselným robotom, ich bezpečnostným prvkom a legislatívnym požiadavkam na ne. Druhá časť sa zameriava na kolaboratívne mobilné roboty. Zaoberá sa bezpečnostnými prvkami u tohto druhu robota a režimami spolupráce medzi ním a človekom. Preberá pracovné režimy a ovládacie zariadenia automatických strojov, ako aj ich využitie v priemysle. Záverečná pasáž sa venuje zaisteniu bezpečnosti a ochrany zdravia pri práci zamestnancov na robotickom pracovisku. | ||
| 610 | 2 | 0 | |a robotizácia |
| 610 | 2 | 0 | |a roboty |
| 610 | 2 | 0 | |a roboty priemyselné |
| 610 | 2 | 0 | |a pracovisko |
| 610 | 2 | 0 | |a bezpečnosť |
| 610 | 2 | 0 | |a bezpečnosť práce |
| 610 | 2 | 0 | |a ochrana zdravia |
| 100 | 1 | |a Farárik, Pavol | |